Odontología restauradora contemporánea implantes y estética / (Registro nro. 8272)

Detalles MARC
000 -LIDER
fixed length control field 00942nam a22003137a 4500
001 - NÚMERO DE CONTROL
Identificador de número de control 0074
003 - IDENTIFICACDOR DE NÚMERO DE CONTROL
control field DO-SdBNP
005 - DATE AND TIME OF LATEST TRANSACTION
control field 20171110114723.0
007 - CAMPOS FIJOS DE DESCRIPCIÓN FÍSICA
fixed length control field 074
008 - ELEMENTOS DE LONGITUD FIJA
fixed length control field 150918b sp 2002 xxu||||| |||| 00| 0 spa d
020 ## - ISBN
International Standard Book Number 848792235X
040 ## - FUENTE DE CATALOGACIÓN
Agencia que crea de manera original el registro BPMSU
Idioma de catalogación spa
Agencia que realiza la transcripción BPMSU
082 #4 - NÚMERO DE CLASIFICACIÓN DECIMAL DE DEWEY
Classification number 617.69
Item number O26r
245 ## - MENCIÓN DE TITULO
Título Odontología restauradora contemporánea implantes y estética /
Mención de responsabilidad Antonio Bascones Martínez...et. al
260 ## - PUBLICACIÓN, DISTRIBUCIÓN, ETC. (PIE DE IMPRENTA)
Lugar de publicación, distribución, etc Madrid
Nombre del editor, distribuidor, etc. Avances Medico-Dentales
Fecha de publicación, distribución, etc 2002
300 ## - DESCRIPCIÓN FÍSICA
Extensión 277 p. :
Otros detalles físicos ils. ;
Dimensiones 32 cm.
650 ## - ENCABEZAMIENTO DE MATERIA--TEMÁTICO
Término temático o nombre geográfico como elemento de entrada PROTESIS DENTAL
650 ## - ENCABEZAMIENTO DE MATERIA--TEMÁTICO
Término temático o nombre geográfico como elemento de entrada CIRURGÍA DENTAL
650 ## - ENCABEZAMIENTO DE MATERIA--TEMÁTICO
Término temático o nombre geográfico como elemento de entrada IMPLANTES DENTARIOS
650 ## - ENCABEZAMIENTO DE MATERIA--TEMÁTICO
Término temático o nombre geográfico como elemento de entrada TECNOLOGÍA DENTAL
700 12 - ASIENTO SECUNDARIO -- NOMBRE PERSONAL
Nombre personal Basconez Martínez, Antonio
700 12 - ASIENTO SECUNDARIO -- NOMBRE PERSONAL
Nombre personal Fernández Bodereau, Enrique
700 12 - ASIENTO SECUNDARIO -- NOMBRE PERSONAL
Nombre personal Maddalena, Alejandro
700 12 - ASIENTO SECUNDARIO -- NOMBRE PERSONAL
Nombre personal Maddalena, Leopoldo
700 12 - ASIENTO SECUNDARIO -- NOMBRE PERSONAL
Nombre personal Bottini, Marcos Antonio,
Mención de responsabilidad pról.
942 ## - ADDED ENTRY ELEMENTS (KOHA)
Source of classification or shelving scheme Dewey Decimal Classification
Koha item type Libros
945 ## - INFORMACIÓN DE PROCESAMIENTO LOCAL
Información de procesamiento local Inventariado, 2017/MFF
956 ## - LOCAL ELECTRONIC LOCATION AND ACCESS (OCLC)
Nombre de host Brenda Tavárez
Existencias
Withdrawn status Lost status Source of classification or shelving scheme Damaged status Not for loan Home library Current library Date acquired Source of acquisition Total Checkouts Full call number Barcode Date last seen Copy number Price effective from Koha item type
    Dewey Decimal Classification     Biblioteca Pública Metropolitana Salomé Ureña Biblioteca Pública Metropolitana Salomé Ureña 09/18/2015 Compra   617.69 O26r BPMSU15090212 09/18/2015 Compra 09/18/2015 Libros